000 00564nam a2200229Ia 4500
003 0100
008 130307s9999 xx 000 0 und d
020 _a086683690X
040 _cARRUPELIB
050 _aBX2435.F328 1983
100 _aFaricy, Robert L
245 4 _aThe end of the religious life
260 _aMinneapolis, Minn. :
260 _bWinston Press
260 _cc1983.
300 _a82 p.
300 _b22 cm.
650 _aCHURCH HISTORY
650 _bChurch history--Primitive church
650 _cConversion--Christianity
942 0 0 _01
999 _c98023
_d98023